Arquivologia e ciência da informação / (Record no. 1184)

MARC details
000 -LÍDER
Campo Fixo de Controle 00691nam a2200241 a 4500
001 - NÚMERO DE CONTROLE
Campo de Controle 1184
003 - IDENTIFICAÇÃO DO NÚMERO DE CONTROLE
Campo de Controle BR-CuiBMT
005 - DATA E HORA DA ÚLTIMA ATUALIZAÇÃO
Campo de Controle 20231130212209.0
008 - DADOS FIXOS
Dados Fixos 231130s2005 rjba 000 0 por d
020 ## - INTERNATIONAL STANDARD BOOK NUMBER
Nº do ISBN 8522505039
040 ## - AGÊNCIA CATALOGADORA
Código da Agência Catalogadora BR-CuiBMT
Agência que transcreveu o registro BR-CuiBMT
080 ## - Nº DA CLASSIFICAÇÃO DECIMAL UNIVERSAL
Nº Class. CDU 930.25:02
Nº edição CDU 2007
090 ## - NÚMERO DE CHAMADA
Nº classificação 930.25:02
Cutter F676a
100 10 - ENTRADA PRINCIPAL -- AUTOR PESSOAL
Nome pessoal Fonseca, Maria Odila
245 10 - TÍTULO PRINCIPAL
Título principal Arquivologia e ciência da informação /
Indicação de responsabilidade Maria Odila Fonseca.
260 ## - PUBLICAÇÃO, DISTRIBUIÇÃO, ETC.
Local de publicação Rio de Janeiro :
Editora FGV,
Data 2005.
300 ## - DESCRIÇÃO FÍSICA
N. páginas ou volumes 121 p. :
Ilustrações il. :
Dimensões 23 cm
504 ## - NOTA DE BIBLIOGRAFIA, ETC.
Nota de bibliografia inclui bibliografia.
590 ## - NOTA LOCAL
Nota local A biblioteca possui a 4. reimpr. 2010.
650 ## - ASSUNTO TÓPICO
Cabeçalho tópico ou nome geográfico Arquivologia
650 ## - ASSUNTO TÓPICO
Cabeçalho tópico ou nome geográfico Ciência da informação
942 ## - ELEMENTOS DE ENTRADA ADICIONAIS (KOHA)
Fonte de classificação ou esquema de arquivamento Classificação Decimal Universal
Tipo de item do Koha Livros
Holdings
Estado: removido Estado: perdido Fonte de classificação ou esquema de arquivamento Estado: danificado Indisponível para empréstimo Localização permanente Localização atual Data de aquisição Total Checkouts Número de Chamada completo Código de barras Date last seen Número do exemplar Preço efetivo a partir de Tipo de item (Koha) Nota pública
    Classificação Decimal Universal     Biblioteca da Escola Superior de Contas do TCE/MT Biblioteca da Escola Superior de Contas do TCE/MT 22/04/2013   930.25:02 F676a BIBTCEMT23111407 30/11/2023 Ex. 1 30/11/2023 Livros 4. reimpr. 2010

Powered by Koha